000
00323nam a2200133Ia 4500
005
20260326100026.0
008
260326s9999||||xx |||||||||||||| ||und||
100
_a
Arango, Jorge
245
0
_a
Arquitectura en Colombia /
_c
Jorge Arango
260
_b
Proa
300
_a
120 p.
650
_a
ARQUITECTURA REGIONAL
942
_c
BK
999
_c
6417
_d
6417